00357nam a2200121Ia 4500008004100000040001700041041001200058082001400070100001700084245008100101260004000182300001300222230917s9999||||xx |||||||||||||| ||und|| e127457aMAIN aEnglish a301 L578S aLevin , Jack 0aSocilogical snapshots 5: seeing soctial stucture and change in everyday life aLos AngelesbPine Forge pressc2008 a235p. p.